000 00421nam a2200193Ia 4500
999 _c3766
_d3766
003 0100
008 130227s9999 xx 000 0 und d
040 _cARRUPELIB
050 _aDT888.S47 1978
100 _aSerfontein, J.H.P.
_939243
245 _aBrotherhood of power /
260 _aLondon
_bRex Collins
_c1978
300 _a278p.
300 _b 24cm.
942 _2lcc
_cMONOGRAPH